Normal view
MARC view
- Majeed, Barira
Entry Personal Name
001 - CONTROL NUMBER
- control field: 122982
003 - CONTROL NUMBER IDENTIFIER
- control field: NUST
005 - DATE AND TIME OF LATEST TRANSACTION
- control field: 20240528131513.0
008 - FIXED-LENGTH DATA ELEMENTS
- fixed length control field: 240528|| aca||aabn | a|a d
040 ## - CATALOGING SOURCE
- Original cataloging agency: NUST
- Transcribing agency: NUST
100 ## - HEADING--PERSONAL NAME
- Personal name: Majeed, Barira
670 ## - SOURCE DATA FOUND
- Source citation: Work cat.: (NUST): Majeed, Barira, Large Silicon Photonic Gratings with High Directionality for FSO and LiDAR Applications /
